[Event "28th Rilton Cup"]
[Site "Stockholm SWE"]
[Date "1999.01.04"]
[Round "7.10"]
[White "Elsness, Frode"]
[Black "Khenkin, Igor"]
[Result "0-1"]
[WhiteElo "2350"]
[BlackElo "2600"]
[EventDate "1998.12.28"]
[PlyCount "100"]

1.d4 Nf6 2.c4 e6 3.Nc3 Bb4 4.e3 c5 5.Bd3 Nc6 6.Nf3 d5 7.O-O O-O 8.a3 Bxc3 
9.bxc3 dxc4 10.Bxc4 Qc7 11.Be2 Rd8 12.Qc2 e5 13.dxe5 Nxe5 14.e4 Bg4 15.Bg5
Bxf3 16.gxf3 Ng6 17.Rfd1 Qe5 18.Be3 Nf4 19.Bf1 Qg5+ 20.Kh1 Qh5 21.Bg2 Nxg2
22.Kxg2 Qg6+ 23.Kh1 Qh5 24.Kg2 Nd7 25.Qe2 Qg6+ 26.Kh1 Qf6 27.Rac1 b6 28.
Rg1 Ne5 29.Rg3 Nd3 30.Rcg1 g6 31.Bg5 Qxc3 32.Bxd8 Rxd8 33.Rg5 Nf4 34.Qe3 
Qxe3 35.fxe3 Nh3 36.Rd5 Rxd5 37.exd5 Nxg1 38.Kxg1 b5 39.Kf2 b4 40.axb4 
cxb4 41.Ke2 a5 42.e4 a4 43.Kd3 a3 44.Kc2 g5 45.e5 a2 46.Kb2 b3 47.h3 Kf8 
48.Ka1 Ke7 49.Kb2 h5 50.Ka1 f5 0-1

[Event "28th Rilton Cup"]
[Site "Stockholm SWE"]
[Date "1999.01.04"]
[Round "7.11"]
[White "Nouro, Mikael"]
[Black "Gleizerov, Evgeny"]
[Result "0-1"]
[WhiteElo "2335"]
[BlackElo "2535"]
[EventDate "1998.12.28"]
[PlyCount "82"]

1.e4 e6 2.d4 d5 3.Nd2 Nf6 4.e5 Nfd7 5.Bd3 c5 6.c3 Nc6 7.Ngf3 Be7 8.O-O a5 
9.Re1 cxd4 10.cxd4 Qb6 11.a3 g5 12.h3 h5 13.Nf1 g4 14.hxg4 hxg4 15.N3h2 
Qxd4 16.Nxg4 Nc5 17.Bc2 Qxd1 18.Rxd1 b6 19.Be3 Bb7 20.Rd2 O-O-O 21.Rad1 
Rdg8 22.Nfh2 d4 23.Bf4 Ba6 24.Rc1 Kb7 25.f3 d3 26.Bd1 Nd4 27.Rc3 Ne2+ 28.
Bxe2 dxe2 29.Kf2 Rd8 30.Rxe2 Nd3+ 31.Rxd3 Bxd3 32.Re1 Bc5+ 33.Kg3 Bd4 34.
Bc1 Bf5 35.Nf6 Rxh2 36.Kxh2 Bf2 37.g4 Bxe1 38.gxf5 Bd2 39.fxe6 fxe6 40.
Bxd2 Rxd2+ 41.Kg3 Rxb2 0-1

[Event "28th Rilton Cup"]
[Site "Stockholm SWE"]
[Date "1999.01.04"]
[Round "7.14"]
[White "Bezold, Michael"]
[Black "Holst, Allan"]
[Result "1-0"]
[WhiteElo "2490"]
[BlackElo "2350"]
[EventDate "1998.12.28"]
[PlyCount "105"]

1.g3 Nf6 2.Bg2 d5 3.Nf3 c6 4.d3 Bg4 5.O-O Nbd7 6.Nbd2 e6 7.Qe1 Bc5 8.e4 
dxe4 9.dxe4 e5 10.h3 Bxf3 11.Nxf3 a5 12.b3 O-O 13.Bb2 Re8 14.a3 Qc7 15.Nh4
g6 16.Nf3 Bf8 17.a4 Nc5 18.Nd2 Nfd7 19.Nc4 Ne6 20.Rd1 f6 21.h4 Bc5 22.Nxa5
Bd4 23.c3 Bxf2+ 24.Rxf2 Rxa5 25.Bh3 Raa8 26.Qf1 Kg7 27.Ba3 c5 28.Rfd2 Ndf8
29.Qb5 Qf7 30.Bxe6 Qxe6 31.Bxc5 Qg4 32.Qxb7+ Kh8 33.Kh2 g5 34.Qf7 gxh4 35.
Qxf6+ Kg8 36.Qxh4 Qe6 37.c4 Ng6 38.Qg5 Qc6 39.Rd5 Rab8 40.R1d3 Rb7 41.Rf3 
Rg7 42.Qf6 Qc8 43.Qf5 Qc6 44.a5 Kh8 45.Qf6 Qc8 46.Qf5 Qc6 47.b4 Qa4 48.Rd2
Qa1 49.Rfd3 h6 50.a6 Reg8 51.a7 Qe1 52.Rd8 Ne7 53.Qf2 1-0

[Event "28th Rilton Cup"]
[Site "Stockholm SWE"]
[Date "1999.01.04"]
[Round "7.15"]
[White "Bromann, Thorbjoern"]
[Black "Brynell, Stellan"]
[Result "0-1"]
[WhiteElo "2270"]
[BlackElo "2485"]
[EventDate "1998.12.28"]
[PlyCount "118"]

1.e4 e6 2.d4 d5 3.Nc3 Nf6 4.exd5 exd5 5.Bd3 c6 6.h3 Bd6 7.Qf3 O-O 8.Bg5 
Nbd7 9.Nge2 Re8 10.O-O Be7 11.Ng3 Nf8 12.Rfe1 Ne6 13.Be3 g6 14.Nce2 Bf8 
15.Bf4 Nxf4 16.Nxf4 Rxe1+ 17.Rxe1 Qd6 18.c3 Bh6 19.Re5 Bd7 20.Bb1 Ne8 21.
Nd3 b6 22.Re1 f6 23.Nf1 Nc7 24.g4 Rf8 25.Qg3 Qxg3+ 26.Nxg3 Kf7 27.f4 Re8 
28.Rxe8 Kxe8 29.Kf2 Ke7 30.Kf3 Kd6 31.h4 c5 32.dxc5+ bxc5 33.g5 Bg7 34.
gxf6 Bxf6 35.h5 Be8 36.hxg6 Bxg6 37.f5 Bf7 38.Nf4 Ne8 39.Nge2 h6 40.Bc2 
Nc7 41.Kg4 Bg5 42.Nh3 Bd2 43.Nf2 Ne8 44.Ng3 Nf6+ 45.Kf3 h5 46.Nf1 Bh6 47.
Kg3 Be8 48.Kh4 c4 49.Nh2 Ke5 50.Nf3+ Kf4 51.Nd4 Bg5+ 52.Kh3 Ke3 53.Kg2 Kd2
54.Bd1 Be3 55.Bf3 Bxd4 56.cxd4 Ke3 57.Nd1+ Kxd4 58.Nc3 Ke5 59.b4 d4 0-1

[Event "28th Rilton Cup"]
[Site "Stockholm SWE"]
[Date "1999.01.04"]
[Round "7.16"]
[White "Hall, Jesper"]
[Black "Hermansson, Emil"]
[Result "1-0"]
[WhiteElo "2485"]
[BlackElo "2340"]
[EventDate "1998.12.28"]
[PlyCount "73"]

1.e4 c6 2.d4 d5 3.e5 Bf5 4.Nc3 e6 5.Be3 Ne7 6.g4 Bg6 7.Nge2 c5 8.dxc5 Nd7 
9.Nd4 Nxe5 10.f4 Nd7 11.f5 exf5 12.Ndb5 Nc6 13.Nxd5 Rc8 14.Qe2 Nce5 15.
O-O-O fxg4 16.Nxa7 Rxc5 17.Bxc5 Bxc5 18.Nb5 O-O 19.Kb1 Qg5 20.Bg2 Rc8 21.
Ndc3 Qe3 22.Qxe3 Bxe3 23.Bxb7 Rb8 24.Bd5 Nb6 25.b3 Nxd5 26.Nxd5 Bg5 27.a4 
Nc6 28.Rhe1 h5 29.Kb2 h4 30.Nd6 Kh7 31.Rf1 Ne5 32.a5 Nf3 33.h3 f5 34.a6 
Ra8 35.Nc7 Ra7 36.Ndb5 Bf6+ 37.c3 1-0

[Event "28th Rilton Cup"]
[Site "Stockholm SWE"]
[Date "1999.01.04"]
[Round "7.18"]
[White "Matros, Alexander"]
[Black "Leer-Salvesen, Bjarte"]
[Result "1/2-1/2"]
[WhiteElo "2385"]
[BlackElo "2250"]
[EventDate "1998.12.28"]
[PlyCount "55"]

1.d4 e6 2.e4 d5 3.e5 c5 4.c3 Bd7 5.Nf3 Nc6 6.a3 f6 7.Bd3 fxe5 8.Nxe5 Nf6 
9.O-O Bd6 10.Nxc6 bxc6 11.dxc5 Bxc5 12.Bf4 O-O 13.Qe2 Qe7 14.Nd2 Ne4 15.
Nxe4 Rxf4 16.Nxc5 Qxc5 17.g3 Rf6 18.c4 Re8 19.b4 Qd6 20.cxd5 exd5 21.Qc2 
h6 22.Rfe1 Rfe6 23.Rxe6 Qxe6 24.Qc3 Qe5 25.Qxe5 Rxe5 26.Rc1 Kf8 27.Kg2 Ke7
28.Rd1 1/2-1/2

[Event "28th Rilton Cup"]
[Site "Stockholm SWE"]
[Date "1999.01.04"]
[Round "7.20"]
[White "Barkhagen, Jonas"]
[Black "Johansson, Gunnar"]
[Result "1-0"]
[WhiteElo "2415"]
[BlackElo "2220"]
[EventDate "1998.12.28"]
[PlyCount "75"]

1.d4 d5 2.c4 c6 3.Nc3 Nf6 4.cxd5 cxd5 5.Bf4 Nc6 6.Nf3 Bf5 7.e3 e6 8.Bb5 
Nd7 9.Qa4 Rc8 10.Bxc6 Rxc6 11.Qxa7 Qc8 12.Qa5 Bd3 13.Kd2 Bc4 14.Rhc1 e5 
15.Nxe5 Ra6 16.Nxc4 Rxa5 17.Nxd5 Qc6 18.Nc7+ Kd8 19.Nxa5 Qxg2 20.Kd3 f5 
21.Nc4 Rg8 22.h4 Be7 23.Nd2 Bxh4 24.f3 Qg6 25.a4 Bg5 26.Bxg5+ Nf6 27.Bf4 
Qf7 28.a5 g5 29.Be5 g4 30.a6 bxa6 31.Rxa6 Nd7 32.Bd6 Nf8 33.Ra8+ Kd7 34.
Nc4 Ng6 35.Ra7 Kd8 36.Rc3 Nf4+ 37.exf4 g3 38.Nb6 1-0

[Event "28th Rilton Cup"]
[Site "Stockholm SWE"]
[Date "1999.01.04"]
[Round "7.22"]
[White "Conquest, Stuart"]
[Black "Schneider, Stefan"]
[Result "1-0"]
[WhiteElo "2490"]
[BlackElo "2320"]
[EventDate "1998.12.28"]
[PlyCount "105"]

1.e4 Nf6 2.e5 Nd5 3.d4 d6 4.c4 Nb6 5.exd6 exd6 6.Nc3 Be7 7.h3 Bf5 8.Nf3 
O-O 9.Be2 c6 10.O-O Bf6 11.Bf4 d5 12.c5 N6d7 13.Rc1 Na6 14.Qd2 Nc7 15.Bd6 
Ne6 16.Bxf8 Qxf8 17.Bd3 Bxd3 18.Qxd3 g6 19.b4 a6 20.a4 Ng7 21.Qd2 Qc8 22.
Rfd1 Nf5 23.g4 Ng7 24.b5 axb5 25.axb5 Ne6 26.Ra1 Ndf8 27.bxc6 bxc6 28.Rxa8
Qxa8 29.Ne2 Qa4 30.Rb1 Kg7 31.Rb7 h6 32.Kg2 Nd8 33.Rb4 Qa5 34.Rb6 Qa4 35.
Qe3 Nd7 36.Rb3 Qa2 37.Ra3 Qb2 38.Ra7 Nf8 39.Ne5 Qb8 40.Ra6 Qc7 41.f4 Nfe6 
42.Nf3 Kh7 43.Rb6 Qc8 44.Kf2 Qd7 45.Rb1 Qc7 46.h4 Qd7 47.Rg1 Ng7 48.f5 
gxf5 49.g5 Be7 50.gxh6 Nh5 51.Nf4 Nf6 52.Rg7+ Kh8 53.Ne5 1-0

[Event "28th Rilton Cup"]
[Site "Stockholm SWE"]
[Date "1999.01.04"]
[Round "7.26"]
[White "Nilsson, Mattias"]
[Black "Meijers, Viesturs"]
[Result "0-1"]
[WhiteElo "2265"]
[BlackElo "2410"]
[EventDate "1998.12.28"]
[PlyCount "94"]

1.d4 d5 2.c4 e6 3.Nc3 Nf6 4.cxd5 exd5 5.Bg5 Be7 6.e3 O-O 7.Bd3 Nbd7 8.Nge2
b6 9.O-O Bb7 10.Qa4 a6 11.b4 c6 12.Rab1 b5 13.Qc2 g6 14.a4 Nb6 15.a5 Nc4 
16.Bxc4 bxc4 17.e4 Bc8 18.e5 Nh5 19.Bxe7 Qxe7 20.Rb2 f6 21.f4 Rb8 22.Na4 
Rxb4 23.Nc5 Rb5 24.Rxb5 cxb5 25.Nc3 fxe5 26.Nxd5 Qd6 27.Qe4 exd4 28.Qxd4 
Nxf4 29.Rxf4 Rxf4 30.Ne4 Qa3 31.Nef6+ Rxf6 32.Nxf6+ Kf7 33.Nd5 Qd6 34.Qa7+
Ke6 35.Nc7+ Kf5 36.Qf2+ Kg5 37.h4+ Kh5 38.Ne8 Qe5 39.Nf6+ Kh6 40.g4 Kg7 
41.g5 Bb7 42.Ng4 Qa1+ 43.Kh2 b4 44.Qe2 Qh1+ 45.Kg3 Qg2+ 46.Qxg2 Bxg2 47.
Kxg2 b3 0-1

[Event "28th Rilton Cup"]
[Site "Stockholm SWE"]
[Date "1999.01.04"]
[Round "7.29"]
[White "Eriksson, Johan"]
[Black "Hallberg, Fredrik"]
[Result "1-0"]
[WhiteElo "2385"]
[BlackElo "2170"]
[EventDate "1998.12.28"]
[PlyCount "81"]

1.d4 Nf6 2.c4 g6 3.Nc3 Bg7 4.e4 d6 5.f3 O-O 6.Nge2 c5 7.d5 e6 8.Ng3 exd5 
9.cxd5 Re8 10.Be2 a6 11.a4 Qc7 12.O-O Nbd7 13.Be3 Rb8 14.Kh1 b6 15.Rc1 h5 
16.Re1 Qa7 17.Nf1 Nh7 18.Qc2 Ne5 19.f4 Ng4 20.Bg1 Bd7 21.h3 Nh6 22.Bh2 f5 
23.Bf3 fxe4 24.Bxe4 Bf5 25.Bxf5 gxf5 26.Re6 Qd7 27.Qe2 b5 28.Re1 Nf6 29.
axb5 axb5 30.Ng3 b4 31.Nd1 Rxe6 32.dxe6 Qb5 33.Qf3 Qb7 34.Qe2 Qb5 35.Qc2 
c4 36.Ne3 d5 37.Nexf5 Nxf5 38.Qxf5 d4 39.Qg6 Qe8 40.Qg5 d3 41.Nf5 1-0

[Event "28th Rilton Cup"]
[Site "Stockholm SWE"]
[Date "1999.01.05"]
[Round "8.3"]
[White "Cramling, Pia"]
[Black "Aakesson, Ralf"]
[Result "1/2-1/2"]
[WhiteElo "2505"]
[BlackElo "2510"]
[EventDate "1998.12.28"]
[PlyCount "41"]

1.d4 Nf6 2.c4 e6 3.Nc3 Bb4 4.Qc2 c5 5.dxc5 O-O 6.a3 Bxc5 7.Nf3 Nc6 8.Bg5 
Nd4 9.Nxd4 Bxd4 10.e3 Qa5 11.exd4 Qxg5 12.Qd2 Qxd2+ 13.Kxd2 b6 14.b4 Bb7 
15.f3 d6 16.Bd3 Rfc8 17.Rhc1 Kf8 18.Ne4 Nxe4+ 19.Bxe4 d5 20.cxd5 Bxd5 21.
Bxd5 1/2-1/2

[Event "28th Rilton Cup"]
[Site "Stockholm SWE"]
[Date "1999.01.05"]
[Round "8.11"]
[White "Gretarsson, Helgi Ass"]
[Black "Bellon Lopez, Juan Manuel"]
[Result "1/2-1/2"]
[WhiteElo "2480"]
[BlackElo "2490"]
[EventDate "1998.12.28"]
[PlyCount "66"]

1.d4 Nf6 2.c4 c5 3.d5 b5 4.cxb5 a6 5.f3 axb5 6.e4 Qa5+ 7.Bd2 b4 8.Na3 d6 
9.Nc4 Qd8 10.a3 e6 11.dxe6 Bxe6 12.axb4 Rxa1 13.Qxa1 d5 14.exd5 Nxd5 15.
Qa4+ Nd7 16.Ne2 Be7 17.bxc5 O-O 18.Nd4 Nxc5 19.Nxe6 fxe6 20.Qc2 Bg5 21.Be2
Bxd2+ 22.Qxd2 Qh4+ 23.g3 Qh3 24.Qd4 Nb3 25.Qe5 Qg2 26.Qxe6+ Kh8 27.Rf1 Nb4
28.Nd6 Nd3+ 29.Kd1 Nxb2+ 30.Ke1 Nd3+ 31.Kd1 Nb2+ 32.Ke1 Nd3+ 33.Kd1 Nb2+ 
1/2-1/2

[Event "28th Rilton Cup"]
[Site "Stockholm SWE"]
[Date "1999.01.05"]
[Round "8.12"]
[White "Schandorff, Lars"]
[Black "Yrjola, Jouni"]
[Result "1/2-1/2"]
[WhiteElo "2535"]
[BlackElo "2400"]
[EventDate "1998.12.28"]
[PlyCount "62"]

1.d4 Nf6 2.c4 g6 3.Nc3 Bg7 4.e4 d6 5.Be2 O-O 6.Bg5 Na6 7.Qd2 e5 8.d5 Qe8 
9.Bd3 Nh5 10.Nge2 f5 11.f3 Bd7 12.O-O-O Nc5 13.Bc2 a5 14.Ng3 f4 15.Nxh5 
gxh5 16.Bh4 Kh8 17.Kb1 b6 18.Rdg1 Bf6 19.Bxf6+ Rxf6 20.g3 Qf7 21.Bd1 Rg8 
22.gxf4 Rxf4 23.Rg3 h4 24.Rxg8+ Qxg8 25.Qf2 Qf8 26.Qe1 Be8 27.Rf1 Bh5 28.
Qf2 Bg6 29.Bc2 Bh5 30.Bd1 Bg6 31.Bc2 Bh5 1/2-1/2

[Event "28th Rilton Cup"]
[Site "Stockholm SWE"]
[Date "1999.01.05"]
[Round "8.17"]
[White "Engqvist, Thomas"]
[Black "Matros, Alexander"]
[Result "0-1"]
[WhiteElo "2330"]
[BlackElo "2385"]
[EventDate "1998.12.28"]
[PlyCount "57"]

1.Nf3 Nf6 2.c4 g6 3.d4 Bg7 4.g3 c5 5.Bg2 Qa5+ 6.Nbd2 cxd4 7.Nxd4 Nc6 8.Nb3
Qc7 9.Nf1 a5 10.Bf4 Qd8 11.Nc5 O-O 12.Na4 d6 13.Be3 Be6 14.Bb6 Qb8 15.Rc1 
Nd7 16.Be3 Nb4 17.a3 Na2 18.Rc2 b5 19.Bxa8 Qxa8 20.f3 bxa4 21.Qa1 Nb4 22.
axb4 axb4 23.Qd1 b3 24.Rd2 Ne5 25.Bd4 Nxc4 26.Bxg7 Kxg7 27.Rd4 Nxb2 28.Qc1
a3 29.Rh4 0-1

[Event "28th Rilton Cup"]
[Site "Stockholm SWE"]
[Date "1999.01.05"]
[Round "8.18"]
[White "Westerinen, Heikki"]
[Black "Leer-Salvesen, Bjarte"]
[Result "1/2-1/2"]
[WhiteElo "2435"]
[BlackElo "2250"]
[EventDate "1998.12.28"]
[PlyCount "39"]

1.e4 e6 2.d4 d5 3.Nc3 Bb4 4.Ne2 dxe4 5.a3 Bxc3+ 6.Nxc3 Nc6 7.d5 exd5 8.
Qxd5 Be6 9.Qxe4 Nf6 10.Qh4 Bf5 11.Bb5 Ne4 12.Qxd8+ Rxd8 13.Bxc6+ bxc6 14.
Nxe4 Bxe4 15.O-O Bxc2 16.Be3 a5 17.Rfc1 Ba4 18.Rc5 Rd5 19.Rac1 Kd7 20.R5c4
1/2-1/2

[Event "28th Rilton Cup"]
[Site "Stockholm SWE"]
[Date "1999.01.05"]
[Round "8.23"]
[White "Paasikangas-Tella, Johanna"]
[Black "Seeman, Tarvo"]
[Result "1-0"]
[WhiteElo "2265"]
[BlackElo "2475"]
[EventDate "1998.12.28"]
[PlyCount "59"]

1.d4 c6 2.c4 g6 3.Nc3 Bg7 4.e4 d6 5.Be2 Nf6 6.f4 O-O 7.Nf3 Nbd7 8.e5 Ne8 
9.O-O c5 10.dxc5 Nxc5 11.Be3 b6 12.Qd2 Bb7 13.Rfd1 Rc8 14.Rac1 Ne4 15.Nxe4
Bxe4 16.Ng5 Bf5 17.g4 Bd7 18.b4 Ba4 19.e6 Bxd1 20.exf7+ Rxf7 21.Nxf7 Kxf7 
22.Rxd1 Qc7 23.f5 gxf5 24.Rf1 Kg8 25.Qd5+ Kh8 26.Qxf5 Nf6 27.g5 e6 28.Qh3 
Ng8 29.Bd3 Be5 30.Qh5 1-0

[Event "28th Rilton Cup"]
[Site "Stockholm SWE"]
[Date "1999.01.05"]
[Round "8.28"]
[White "Holst, Allan"]
[Black "Bromann, Thorbjoern"]
[Result "1-0"]
[WhiteElo "2350"]
[BlackElo "2270"]
[EventDate "1998.12.28"]
[PlyCount "91"]

1.c4 e5 2.Nc3 d6 3.g3 f5 4.d4 exd4 5.Qxd4 Nc6 6.Qd2 g6 7.b3 Bh6 8.e3 Nf6 
9.Bb2 O-O 10.Bg2 Ne5 11.Nge2 Rb8 12.O-O g5 13.f4 Nf7 14.Nd5 Bg7 15.Qd4 Nh5
16.Qxa7 Bxb2 17.Qxb8 Bxa1 18.Rxa1 c6 19.Qxc8 Qxc8 20.Ne7+ Kg7 21.Nxc8 Rxc8
22.a4 Nf6 23.Bf3 Nd7 24.a5 Re8 25.Nd4 Kf6 26.Kf2 Nc5 27.Ke2 Na6 28.Nc2 
gxf4 29.gxf4 Nd8 30.b4 Ne6 31.Kd2 Nec7 32.Rb1 d5 33.b5 cxb5 34.cxb5 Nc5 
35.Nb4 Rd8 36.b6 Ne4+ 37.Bxe4 dxe4+ 38.Ke2 Nb5 39.Rc1 Ra8 40.a6 bxa6 41.
Rc6+ Kg7 42.b7 Rb8 43.Rb6 Nd6 44.Rxd6 Rxb7 45.Nxa6 Rb2+ 46.Rd2 1-0

[Event "28th Rilton Cup"]
[Site "Stockholm SWE"]
[Date "1999.01.05"]
[Round "8.29"]
[White "Hermansson, Emil"]
[Black "Loegdahl, Harald"]
[Result "1/2-1/2"]
[WhiteElo "2340"]
[BlackElo "2205"]
[EventDate "1998.12.28"]
[PlyCount "68"]

1.e4 Nf6 2.e5 Nd5 3.d4 d6 4.Nf3 Bg4 5.Be2 c6 6.c4 Nb6 7.Nbd2 dxe5 8.Nxe5 
Bf5 9.Ndf3 N8d7 10.O-O Nxe5 11.dxe5 e6 12.Nd4 Bg6 13.Be3 Qc7 14.f4 Bc5 15.
Qe1 O-O-O 16.Rd1 Na4 17.b4 Bxd4 18.Rxd4 Rxd4 19.Bxd4 c5 20.bxc5 Nxc5 21.
Qb4 b6 22.Bxc5 Qxc5+ 23.Qxc5+ bxc5 24.Rf3 Bh5 25.Re3 Bxe2 26.Rxe2 Rd8 27.
f5 exf5 28.e6 f6 29.Re3 Re8 30.h4 Kc7 31.Ra3 Kb6 32.Rb3+ Kc6 33.Ra3 Kb6 
34.Rb3+ Kc6 1/2-1/2

[Event "28th Rilton Cup"]
[Site "Stockholm SWE"]
[Date "1999.01.05"]
[Round "8.33"]
[White "Lyrberg, Patrik"]
[Black "Packalen, Marcus"]
[Result "1-0"]
[WhiteElo "2415"]
[BlackElo "2190"]
[EventDate "1998.12.28"]
[PlyCount "63"]

1.c4 Nf6 2.Nc3 g6 3.d4 Bg7 4.e4 d6 5.Nf3 O-O 6.Be2 a5 7.h3 Na6 8.Be3 e5 9.
dxe5 dxe5 10.O-O Nd7 11.a3 Nac5 12.b4 Ne6 13.Nb5 axb4 14.axb4 Rxa1 15.Qxa1
c5 16.bxc5 Ndxc5 17.Rd1 Qe7 18.Qa3 b6 19.Nc3 Bb7 20.Nd5 Bxd5 21.cxd5 Nd4 
22.Nxd4 exd4 23.Bxd4 Bxd4 24.Rxd4 Qe5 25.Qe3 g5 26.d6 Rd8 27.Rd5 Qa1+ 28.
Bf1 h6 29.Rxg5+ hxg5 30.Qxg5+ Kh7 31.Qxd8 Qe5 32.d7 1-0

[Event "28th Rilton Cup"]
[Site "Stockholm SWE"]
[Date "1999.01.05"]
[Round "8.36"]
[White "Andersson, Mats"]
[Black "Sjoedin, Bengt"]
[Result "1-0"]
[WhiteElo "2320"]
[BlackElo "2175"]
[EventDate "1998.12.28"]
[PlyCount "95"]

1.Nf3 Nf6 2.g3 d5 3.Bg2 c5 4.O-O Nc6 5.d4 e6 6.b3 Be7 7.Bb2 O-O 8.e3 Qc7 
9.Nbd2 a5 10.c4 Rd8 11.Qc2 a4 12.bxa4 Nb4 13.Qb3 Bd7 14.dxc5 Qxc5 15.a3 
Nc6 16.cxd5 Qxd5 17.Qc2 Be8 18.Nc4 Qd3 19.Qxd3 Rxd3 20.Nd4 Nxd4 21.Bxd4 
Rxa4 22.Nb2 Raxd4 23.exd4 Rd2 24.Nc4 Rxd4 25.Ne3 b5 26.Rfb1 Ne4 27.Rd1 Ra4
28.Rac1 f5 29.Rc8 Kf7 30.Nc2 Nd6 31.Rb8 Nc4 32.Rxe8 Kxe8 33.Bc6+ Kf7 34.
Bxb5 Rxa3 35.Bxc4 Rc3 36.Bd3 Bc5 37.Kf1 g5 38.Ke2 Kf6 39.Rb1 Ba7 40.f3 Rc7
41.Ra1 h5 42.h3 Bc5 43.Ra6 Ke5 44.Bc4 Bd6 45.Kd3 Rd7 46.Nd4 h4 47.Bxe6 Rd8
48.Nc6+ 1-0

[Event "28th Rilton Cup"]
[Site "Stockholm SWE"]
[Date "1999.01.05"]
[Round "8.37"]
[White "Schneider, Stefan"]
[Black "Evertsson, Lennart"]
[Result "1-0"]
[WhiteElo "2320"]
[BlackElo "2130"]
[EventDate "1998.12.28"]
[PlyCount "53"]

1.d4 Nf6 2.c4 c5 3.d5 e6 4.Nc3 exd5 5.cxd5 d6 6.Nf3 g6 7.Bf4 Nh5 8.Bg5 Qa5
9.Nd2 Bg7 10.Qc2 O-O 11.Be7 Bf5 12.e4 Re8 13.Bxd6 Bxc3 14.Qxc3 Qd8 15.Bxc5
Bxe4 16.Nxe4 Rxe4+ 17.Be3 Qxd5 18.Be2 Re8 19.Bf3 Qb5 20.a4 Qa6 21.b4 Nc6 
22.Be2 Rxe3 23.Qxe3 Nxb4 24.Bxa6 Nc2+ 25.Ke2 Nxe3 26.Bxb7 Re8 27.fxe3 1-0

[Event "28th Rilton Cup"]
[Site "Stockholm SWE"]
[Date "1999.01.06"]
[Round "9"]
[White "Bellon Lopez, Juan Manuel"]
[Black "Bator, Robert"]
[Result "0-1"]
[WhiteElo "2490"]
[BlackElo "2410"]
[EventDate "1998.12.28"]
[PlyCount "84"]

1.d4 d5 2.c4 c6 3.Nf3 Nf6 4.Nc3 e6 5.Bg5 h6 6.Bh4 g5 7.Bg3 dxc4 8.e4 b5 9.
Qc2 b4 10.Na4 b3 11.Qxc4 Nxe4 12.Nc3 Nxg3 13.hxg3 bxa2 14.Rxa2 a5 15.Be2 
Ba6 16.Qa4 Bxe2 17.Kxe2 Bb4 18.g4 Bxc3 19.bxc3 Qd5 20.Qc2 Qc4+ 21.Ke3 Nd7 
22.Ra4 Qd5 23.c4 Qd6 24.Nxg5 Nf6 25.f3 c5 26.Qd3 Rd8 27.Ne4 cxd4+ 28.Kf2 
Nxe4+ 29.Qxe4 d3 30.Qe3 d2 31.Rd1 h5 32.c5 Qh2 33.Rxd2 Qh4+ 34.Kg1 Rb8 35.
Rd1 hxg4 36.Qe5 Qh1+ 37.Kf2 g3+ 38.Ke3 Rb3+ 39.Kd2 Qxg2+ 40.Kc1 Rh1 41.Ra1
Rxd1+ 42.Kxd1 Rd3+ 0-1

[Event "28th Rilton Cup"]
[Site "Stockholm SWE"]
[Date "1999.01.06"]
[Round "9"]
[White "Yrjola, Jouni"]
[Black "Gretarsson, Helgi Ass"]
[Result "1/2-1/2"]
[WhiteElo "2400"]
[BlackElo "2480"]
[EventDate "1998.12.28"]
[PlyCount "97"]

1.d4 d5 2.c4 c6 3.Nc3 dxc4 4.e4 b5 5.a4 b4 6.Na2 Nf6 7.e5 Nd5 8.Bxc4 e6 9.
Nf3 Be7 10.Bd2 a5 11.Nc1 Nd7 12.Nb3 c5 13.dxc5 Nxc5 14.Nxc5 Bxc5 15.Qc2 
Be7 16.Qe4 Bb7 17.O-O Qb6 18.Bb5+ Kf8 19.Qd4 Qxd4 20.Nxd4 Bc5 21.Nc6 h6 
22.Rfc1 Bb6 23.Rc4 g6 24.Rac1 Kg7 25.Kf1 Rhf8 26.Ke2 f6 27.exf6+ Rxf6 28.
f3 e5 29.Nxe5 Re6 30.f4 g5 31.g3 gxf4 32.gxf4 Rf8 33.Bc6 Nxf4+ 34.Bxf4 
Rxf4 35.Rxf4 Rxe5+ 36.Kd3 Ba6+ 37.Bb5 Rd5+ 38.Ke2 Bxb5+ 39.axb5 Rxb5 40.
Rc6 a4 41.Rff6 Bd4 42.Rfd6 Re5+ 43.Kd3 Bxb2 44.Rc7+ Kf8 45.Rf6+ Kg8 46.Ra6
Re8 47.Rxa4 Be5 48.Rc2 Rb8 49.Rg2+ 1/2-1/2

[Event "28th Rilton Cup"]
[Site "Stockholm SWE"]
[Date "1999.01.06"]
[Round "9"]
[White "Conquest, Stuart"]
[Black "Holst, Allan"]
[Result "1-0"]
[WhiteElo "2490"]
[BlackElo "2350"]
[EventDate "1998.12.28"]
[PlyCount "89"]

1.d4 Nf6 2.Bg5 b6 3.Nd2 Bb7 4.Ngf3 g6 5.c4 Bg7 6.Qc2 d6 7.e4 Nbd7 8.h3 O-O
9.Be2 c5 10.d5 b5 11.cxb5 a6 12.O-O axb5 13.Bxb5 Ba6 14.Bxa6 Rxa6 15.a4 
Qa8 16.b3 e6 17.dxe6 fxe6 18.Rad1 d5 19.Rfe1 Qc6 20.Bh4 Rc8 21.exd5 exd5 
22.Ng5 Nf8 23.Nc4 Qb7 24.Ne3 c4 25.bxc4 dxc4 26.Rb1 Qa7 27.Rb4 Rac6 28.Nf3
N8d7 29.Rd1 c3 30.Nd4 Rb6 31.Nb5 Qa8 32.Rbd4 Nf8 33.Rd6 Rbc6 34.Bxf6 Bxf6 
35.Nd5 Bg5 36.Nb6 Qb7 37.Nxc8 Rxc8 38.R6d3 Bf6 39.Nd6 Qc6 40.Nxc8 Qxc8 41.
Rc1 Qc4 42.a5 Ne6 43.Rxc3 Bxc3 44.Qxc3 Qxc3 45.Rxc3 1-0

[Event "28th Rilton Cup"]
[Site "Stockholm SWE"]
[Date "1999.01.06"]
[Round "9"]
[White "Taimanov, Mark"]
[Black "Khenkin, Igor"]
[Result "1/2-1/2"]
[WhiteElo "2455"]
[BlackElo "2600"]
[EventDate "1998.12.28"]
[PlyCount "102"]

1.c4 g6 2.g3 Bg7 3.Bg2 e5 4.Nc3 Ne7 5.e3 O-O 6.Nge2 c5 7.a3 Nbc6 8.Rb1 a5 
9.O-O d6 10.d3 Rb8 11.Bd2 Be6 12.Nd5 b5 13.Nxe7+ Nxe7 14.cxb5 Rxb5 15.b4 
axb4 16.axb4 c4 17.d4 exd4 18.Nxd4 Bxd4 19.exd4 Qb6 20.Bc3 Nd5 21.Bxd5 
Rxd5 22.Ra1 Rb8 23.Re1 Rf5 24.Ra5 Rxa5 25.bxa5 Qc6 26.h4 Qd5 27.Qe2 Rb3 
28.Qe3 Bd7 29.Rc1 Bc6 30.f3 Qxf3 31.Qxf3 Bxf3 32.Kf2 Bb7 33.Ke3 Kf8 34.Kd2
Ke7 35.Ra1 Ba6 36.Kc2 f5 37.Ra4 Ke6 38.Rb4 Rxb4 39.Bxb4 Kd5 40.Kc3 h6 41.
Ba3 g5 42.hxg5 hxg5 43.Bc1 f4 44.gxf4 g4 45.f5 g3 46.Bf4 g2 47.Bh2 Bc8 48.
f6 Be6 49.a6 Kc6 50.d5+ Bxd5 51.Bg1 Be6 1/2-1/2

[Event "28th Rilton Cup"]
[Site "Stockholm SWE"]
[Date "1999.01.06"]
[Round "9"]
[White "Meijers, Viesturs"]
[Black "Schandorff, Lars"]
[Result "0-1"]
[WhiteElo "2410"]
[BlackElo "2535"]
[EventDate "1998.12.28"]
[PlyCount "74"]

1.e4 c5 2.Nf3 Nc6 3.d4 cxd4 4.Nxd4 Nf6 5.Nc3 e5 6.Ndb5 d6 7.Bg5 a6 8.Na3 
b5 9.Nd5 Be7 10.Bxf6 Bxf6 11.c3 O-O 12.Nc2 Rb8 13.Be2 Bg5 14.O-O a5 15.Qd3
Be6 16.Rfd1 Kh8 17.Nde3 Qb6 18.Nd5 Qb7 19.Qg3 Bh6 20.Nce3 Bxe3 21.Nxe3 
Rfd8 22.Bg4 b4 23.Qh3 bxc3 24.bxc3 Qe7 25.Rd2 Re8 26.Rad1 Red8 27.Bf5 g6 
28.Bxe6 fxe6 29.Rd3 Rd7 30.Qf3 Nd8 31.g3 Nf7 32.h4 Kg7 33.Kg2 Rc7 34.c4 
Rcb7 35.Rb3 a4 36.Rxb7 Qxb7 37.g4 g5 0-1

[Event "28th Rilton Cup"]
[Site "Stockholm SWE"]
[Date "1999.01.06"]
[Round "9"]
[White "Kiik, Kalle"]
[Black "Brynell, Stellan"]
[Result "1/2-1/2"]
[WhiteElo "2430"]
[BlackElo "2485"]
[EventDate "1998.12.28"]
[PlyCount "71"]

1.e4 e6 2.Qe2 c5 3.g3 Nc6 4.c3 Nge7 5.Bg2 g6 6.f4 Bg7 7.Nf3 O-O 8.O-O d6 
9.Na3 b6 10.Nc2 a5 11.d3 a4 12.Kh1 Qd7 13.a3 Ba6 14.Be3 Rae8 15.Rad1 f5 
16.exf5 Nxf5 17.Bc1 e5 18.fxe5 Nxe5 19.Nxe5 Rxe5 20.Qg4 Rfe8 21.Ne1 Re2 
22.Bd5+ Kh8 23.Qf3 R8e5 24.Bf4 Rxb2 25.Bxe5 dxe5 26.Be4 Nd6 27.Kg1 Rb3 28.
Bc6 Qe7 29.Qd5 Bc8 30.Bxa4 Rxc3 31.Bb3 Qd8 32.Nf3 Bb7 33.Qe6 Bc8 34.Qd5 
Bb7 35.Qe6 Bc8 36.Qd5 1/2-1/2

[Event "28th Rilton Cup"]
[Site "Stockholm SWE"]
[Date "1999.01.06"]
[Round "9"]
[White "Leer-Salvesen, Bjarte"]
[Black "Ornstein, Axel"]
[Result "0-1"]
[WhiteElo "2250"]
[BlackElo "2425"]
[EventDate "1998.12.28"]
[PlyCount "74"]

1.c4 c5 2.g3 g6 3.Bg2 Bg7 4.Nf3 Nc6 5.O-O d6 6.Nc3 e5 7.d3 Nge7 8.Rb1 O-O 
9.a3 a5 10.Ne1 Be6 11.Nc2 d5 12.cxd5 Nxd5 13.Ne4 b6 14.Ng5 Bc8 15.Ne3 Nde7
16.Qa4 Nd4 17.Bxa8 Nxe2+ 18.Kg2 Bd7 19.Qe4 Qxa8 20.Qxa8 Rxa8 21.f3 f5 22.
Re1 Nxc1 23.Rbxc1 h6 24.Nh3 Nc6 25.Rc2 Nd4 26.Rf2 b5 27.Ng1 Bc6 28.Nc2 Ne6
29.Ne2 e4 30.dxe4 fxe4 31.Ng1 Bxb2 32.fxe4 b4 33.axb4 Bc3 34.Rd1 axb4 35.
Rd6 Bxe4+ 36.Kf1 Nd4 37.Nxd4 Bxd4 0-1

[Event "28th Rilton Cup"]
[Site "Stockholm SWE"]
[Date "1999.01.06"]
[Round "9"]
[White "Skytte, Rasmus"]
[Black "Westerinen, Heikki"]
[Result "1/2-1/2"]
[WhiteElo "2215"]
[BlackElo "2435"]
[EventDate "1998.12.28"]
[PlyCount "24"]

1.c4 e5 2.Nc3 Nc6 3.g3 g6 4.Bg2 Bg7 5.Nf3 Nge7 6.O-O O-O 7.d3 Nd4 8.Nxd4 
exd4 9.Ne4 d5 10.cxd5 Nxd5 11.Qb3 c6 12.Bg5 f6 1/2-1/2